00610 a2200193 450000100060000002000150000604000240002110000210004524000320006624500270009830000070012536200090013244000120014165000310015394200070018495201040019195201040029599900170039969370 a8516045730 cAnchieta - Itaigara aPamplona, Rosane10aEra uma vez... Três!lpor10aEra uma vez... Três! a400 a2005 1aModerna 4aLiteratura infanto-juvenil cBK 00104070a88.1b88.1d2023-11-21l0o028.5 PAM ERAp1603/ITAr2023-11-21 20:03:53w2023-11-21yBK 00104070a88.1b88.1d2023-11-21l0o028.5 PAM ERAp1604/ITAr2023-11-21 20:03:53w2023-11-21yBK c69370d69370